| 000 | 00467nam a2200145 a 4500 | ||
|---|---|---|---|
| 001 | 000038633 | ||
| 005 | 20201002031323.0 | ||
| 008 | 130416s2012 dr a 000 0 spa d | ||
| 020 | _a9789945006179 | ||
| 040 |
_aDO-SdBNP _bspa _cBNPHU |
||
| 100 | 1 |
_aNavarro Galicia, Maritza _934446 |
|
| 245 | 1 | 0 |
_aArco iris de cuentos : _bcompendio de cinco cuentos cortos / _cMaritza Navarro Galicia. |
| 260 |
_aBonao,República Dominicana, _c2012. |
||
| 300 |
_a75 p. : _bil. ; _c21 cm. |
||
| 999 |
_c38123 _d38123 |
||